| 000 | 00804cab a2200277 4500 | ||
|---|---|---|---|
| 001 | ABS57585 | ||
| 008 | 090401t1997 xxu||||| |||| 00| 0 eng d | ||
| 035 | _a(Sirsi) u80909 | ||
| 041 | _aeng | ||
| 100 | _aLawson, D. | ||
| 245 | _aNet receipts | ||
| 260 | _c1997 | ||
| 350 | _a0 | ||
| 490 |
_aProperty Week _v60(12) 12 September 1997, 37-38(2) |
||
| 520 | _aAssesses the likely impact of online shopping on retail space requirements. | ||
| 650 | _aELECTRONIC SHOPPING | ||
| 650 | _aINTERNET | ||
| 650 | _aONLINE SERVICES | ||
| 650 | _aPROPERTY-COMMERCIAL PROPERTY-RETAIL PROPERTY-RETAIL PROPERTY MARKET | ||
| 650 | _aRETAIL SPACE | ||
| 650 | _aRETAILING | ||
| 650 | _aVIRTUAL SHOPPING | ||
| 690 | _aPROPERTY-COMMERCIAL PROPERTY-RETAIL PROPERTY | ||
| 942 | _n0 | ||
| 948 | _c17/09/1997 | ||
| 999 |
_c50954 _d50954 |
||